Città metropolitane d'Italia - Morte Improvvisa - Statistics

Statistiche generali
  • Questo quiz è stato fatto 143 volte
  • Il punteggio medio è 8 su 15
Answers on the Grid
Answers color-coded by a green-red scale on the quiz's grid according to % correct below.
Bari
Bologna
Cagliari
Catania
Firenze
Genova
Messina
Milano
Napoli
Palermo
Sassari
Reggio Calabria
Roma
Torino
Venezia
Livorno
Modena
Pisa
Ravenna
Siena
Trieste
Viterbo
Verona
Varese
Terni
Prato
Padua
 
Statistiche sulle risposte
Risposta % Corretto
Milano
83%
Roma
80%
Napoli
76%
Torino
76%
Bologna
75%
Firenze
73%
Genova
69%
Palermo
54%
Bari
47%
Venezia
46%
Cagliari
36%
Catania
30%
Reggio Calabria
22%
Messina
20%
Sassari
11%
Nessun quiz corrispondente trovato
Distribuzione punteggi
Percentuale di utenti per punteggio
Percentile per numero di risposta
I tuoi punteggi nel tempo
Non hai fatto questo quiz